Music Quiz

Random Music or Lyrics Quiz

Empty Hand LYRICS - Eliza Doolittle Quiz Stats

 Plays Quiz not verified by Sporcle

Score 0/210 Timer 08:00
0 Plays Today
Lyrics % Correct
a
91.7%
a
91.7%
a
91.7%
a
91.7%
a
91.7%
a
91.7%
a
91.7%
a
91.7%
the
83.3%
the
83.3%
the
83.3%
the
83.3%
the
83.3%
the
83.3%
An
83.3%
the
83.3%
the
83.3%
the
83.3%
the
83.3%
the
83.3%
the
83.3%
An
83.3%
the
83.3%
the
83.3%
I
75%
I
75%
I
75%
I
75%
I
75%
I
75%
I
75%
I
75%
I
75%
I
75%
I
75%
And
66.7%
empty
66.7%
hand
66.7%
hand
66.7%
hand
66.7%
And
66.7%
and
66.7%
and
66.7%
empty
66.7%
hand
66.7%
hand
66.7%
hand
66.7%
in
58.3%
to
58.3%
in
58.3%
in
58.3%
in
58.3%
in
58.3%
to
58.3%
go
58.3%
in
58.3%
in
58.3%
in
58.3%
it
50%
it
50%
don't
41.7%
on
41.7%
when
41.7%
on
41.7%
when
41.7%
is
41.7%
my
33.3%
One
33.3%
I'm
33.3%
that
33.3%
Lyrics % Correct
my
33.3%
that
33.3%
me
33.3%
my
33.3%
No,
33.3%
no
33.3%
No,
33.3%
no
33.3%
No
33.3%
one
33.3%
me
33.3%
that
33.3%
my
33.3%
I'm
33.3%
my
33.3%
my
33.3%
from
33.3%
my
33.3%
No,
33.3%
no
33.3%
No,
33.3%
no
33.3%
have
25%
reflection
25%
of
25%
their
25%
of
25%
way
25%
way
25%
of
25%
know
25%
wave
25%
goodbye
25%
feel
25%
any
25%
of
25%
any
25%
of
25%
feel
25%
day
25%
of
25%
am
25%
wave
25%
goodbye
25%
feel
25%
any
25%
of
25%
any
25%
of
25%
anybody
16.7%
checking
16.7%
face
16.7%
shade
16.7%
glasses
16.7%
all
16.7%
could
16.7%
trouble
16.7%
will
16.7%
eye
16.7%
I'll
16.7%
never
16.7%
sever
16.7%
mine
16.7%
I'll
16.7%
never
16.7%
sever
16.7%
mine
16.7%
always
16.7%
so
16.7%
looking
16.7%
Lyrics % Correct
or
16.7%
out
16.7%
window
16.7%
losing
16.7%
eye
16.7%
I'll
16.7%
never
16.7%
sever
16.7%
mine
16.7%
I'll
16.7%
never
16.7%
sever
16.7%
mine
16.7%
ticket
8.3%
solo
8.3%
maybe
8.3%
read
8.3%
push
8.3%
away
8.3%
sits
8.3%
pit
8.3%
But
8.3%
find
8.3%
finish
8.3%
last
8.3%
page
8.3%
tickle
8.3%
tie
8.3%
Tired
8.3%
tie
8.3%
Tired
8.3%
Well
8.3%
more
8.3%
there's
8.3%
storm
8.3%
raincloud
8.3%
lonely
8.3%
ever
8.3%
told
8.3%
darkness
8.3%
They
8.3%
smile
8.3%
'Cause
8.3%
miles
8.3%
place
8.3%
need
8.3%
tickle
8.3%
tie
8.3%
Tired
8.3%
tie
8.3%
Tired
8.3%
fast
0%
train
0%
novel
0%
tummy
0%
journey,
0%
held
0%
journey,
0%
held
0%
foe
0%
dangerous
0%
both
0%
dimples
0%
enter
0%
ends
0%
thousand
0%
journey,
0%
held
0%
journey,
0%
held
0%

You're not logged in!

Compare scores with friends on all Sporcle quizzes.
OR
Log In

Sporcle TV

Today on Sporcle TV


Watch our educational content, quiz creation guides, and fun videos on Sporcle TV.

Show Comments

Extras

Top Quizzes Today


Score Distribution

Your Account Isn't Verified!

In order to create a playlist on Sporcle, you need to verify the email address you used during registration. Go to your Sporcle Settings to finish the process.

Report this User

Report this user for behavior that violates our Community Guidelines.

Details: